Очерки по истории экономической мысли: от меркантилизма до монетаризма: Пособие для изучающих экономическую теорию

التفاصيل البيبلوغرافية
اللغة:الروسية
منشور في: Томск, 1993
الموضوعات:
التنسيق: كتاب
KOHA link:https://koha.lib.tpu.ru/cgi-bin/koha/opac-detail.pl?biblionumber=17999

MARC

LEADER 00000nam0a2200000 4500
001 17999
005 20231030191129.0
035 |a (RuTPU)RU\TPU\book\18148 
035 |a BOOK00000006 
090 |a 17999 
100 |a 20011209d1993 m y0rusy50 ca 
101 0 |a rus 
102 |a RU 
105 |a y j 000zy 
200 1 |a Очерки по истории экономической мысли: от меркантилизма до монетаризма  |e Пособие для изучающих экономическую теорию 
210 |a Томск  |d 1993 
215 |a 84 с. 
610 1 |a экономика 
610 1 |a экономическая мысль 
610 1 |a меркантилизм 
610 1 |a физиократы 
610 1 |a монетаризм 
686 |a У02(0)  |v LBC/SL-A  |2 rubbk 
801 0 |a RU  |b 63413507  |c 20011209  |g PSBO 
801 2 |a RU  |b 63413507  |c 20170614  |g PSBO 
942 |c BK